Selected Christian Hebraists

The Christian Hebraists selected for examination are: Andrew of St. Victor, William Fulke, Gregory Martin, Richard Simon and Alexander Geddes, all of whom contributed in different ways to the reception of the Hebrew Bible in the Christian Church. All were strongly influenced by Jerome and Origen, wh...

Cijeli opis

Spremljeno u:
Bibliografski detalji
Glavni autor: MacKane, Wiliiam
Format: Knjiga
Jezik:Undetermined
Izdano: New York,Cambridge, U.K. Cambridge University Press 1989
Teme:
Oznake: Dodaj oznaku
Bez oznaka, Budi prvi tko označuje ovaj zapis!
Thư viện lưu trữ: Trung tâm Học liệu Trường Đại học Cần Thơ
LEADER 01741nam a2200205Ia 4500
001 CTU_168902
008 210402s9999 xx 000 0 und d
020 |c 38.99 
082 |a 221.092 
082 |b M153 
100 |a MacKane, Wiliiam 
245 0 |a Selected Christian Hebraists 
245 0 |c William McKane 
260 |a New York,Cambridge, U.K. 
260 |b Cambridge University Press 
260 |c 1989 
520 |a The Christian Hebraists selected for examination are: Andrew of St. Victor, William Fulke, Gregory Martin, Richard Simon and Alexander Geddes, all of whom contributed in different ways to the reception of the Hebrew Bible in the Christian Church. All were strongly influenced by Jerome and Origen, who supplied the foundation on which subsequent study of the Hebrew Bible in the Christian Church rests. McKane is concerned with how the exercise of critical methods can be reconciled with the assumption that the Hebrew Bible is a Christian book. Focusing on these five Hebraists, each of whom had different influences and concerns, McKane reviews the shifts in the Church's understanding of the nature and authority of its scriptures, particularly the Old Testament. Thus he shows how the beginnings of the critical scholarship of modern times is connected with, and has grown out of, that change in understanding. This is the first book on this subject that draws together such fields of scholarship as patristics, biblical scholarship, and translation problems. 
650 |a Học giả Kinh thánh Cựu ước,Hebraists, Christian,Old Testament scholars,Chuyên gia nghiên cứu về Thánh Hê-brơ 
904 |i Bích Vân, Năm 
980 |a Trung tâm Học liệu Trường Đại học Cần Thơ